MDQL
is popping MORE tags! Check the
thread
!
Quizzes
Events
Quiz Creation
Community
Videos
Private Events
Remove Ads
Sign In
Join for FREE
Feedback
Dark Mode
Quiz Categories
Sports
Geography
Music
Movies
Television
Just For Fun
Miscellaneous
History
Literature
Language
Science
Gaming
Entertainment
Religion
Holiday
For Kids
Quiz Lab
Recent
Popular Today
Quiz Kudos Today
Editor Picks
Curator Picks
Quizzes by...
Day
Popularity
Type
Ratings
Length
Year
Community
Subscriptions
Recent Discussions
Orange Saloon
Badges
Playlists
Quests
Create
Leaderboards
Showdown
Live 5
Trivia Bingo
Activity
Puzzle Library
Sporcle Events
Private Events
Virtual Trivia
Globe League
Become a Host
Pub Owners
SporcleCon
Opinionation
Our Games
Videos
Blog
Mobile Apps
Partnerships
Remove Ads and Go Orange
Feedback
Music
Pop Music
The Beatles
Song
Album
Lyrics
Bands
Singers
Artist
Clip
Rock
Rap
Classical
Billboard
Country Music
Kpop
Taylor Swift
Music
Pop Music
The Beatles
Song
Album
Lyrics
Bands
Singers
Artist
Clip
Rock
Rap
Classical
Billboard
Country Music
Kpop
Taylor Swift
Random Quiz
Search Sporcle
×
Quiz Lab
Quiz Lab
Music
Song
Type in answers that appear in a list
Type in answers that appear in a list
Classic
Best Score? Go Orange.
Can You Name The Lyrics To This Fall Out Boy Song? Stats
Can you name the Can You Name The Lyrics To This Fall Out Boy Song?
By
SolEvans
10m
186 Questions
1,112 Plays
1,112 Plays
1,112 Plays
Comments
Comments
Give Quiz Kudos
Give Quiz Kudos
-
- Ratings
hide this ad
Replay
Link that replays current quiz
Next Quiz
Link to next quiz in quiz playlist
You Got
0%
They Got
Avg Score
51%
Avg Friend Score
Upgrade to see
Score Distribution
Jump to the score distribution portion of the page
Score
0/186
Timer
10:00
0
Plays Today
Hint
Answer
% Correct
and
93.2%
The
93.2%
the
93.2%
and
93.2%
the
93.2%
and
93.2%
the
93.2%
and
93.2%
the
93.2%
the
93.2%
and
93.2%
a
93.2%
and
93.2%
the
93.2%
the
93.2%
you
87.7%
You
87.7%
you
87.7%
you
87.7%
you
87.7%
you
87.7%
you
87.7%
we
75.3%
me
73%
me
72.9%
me
72.9%
me
72.9%
me
72.9%
me
72.9%
me
72.9%
in
70.4%
in
70.4%
in
70.4%
to
69%
to
69%
to
69%
to
69%
to
69%
is
68.8%
on
68.8%
on
68.8%
on
68.8%
is
68.8%
is
68.8%
it
68.7%
your
67.7%
I
66.8%
I
66.8%
I
66.7%
I
66.7%
are
66.3%
are
66.3%
are
66.3%
are
66.3%
so
65.2%
so
65.2%
go
62.5%
go
62.5%
my
61.8%
my
61.7%
my
61.7%
my
61.7%
Hint
Answer
% Correct
my
61.7%
my
61.7%
for
61.4%
for
61.4%
for
61.4%
for
61.4%
for
61.4%
No
60.3%
you're
59%
you're
59%
you're
59%
of
58.8%
I'm
57.8%
this
56%
but
54.5%
but
54.5%
just
54.2%
will
54%
will
54%
will
54.1%
one
54%
all
50.4%
all
50.4%
it's
49.4%
heart
49.3%
or
48.5%
like
48.1%
with
47.3%
Some
46.1%
some
46.1%
take
46%
never
45.9%
down
45.1%
down
45.1%
there
45%
can't
44.5%
We'll
43.8%
we'll
43.8%
remember
42.9%
remember
42.9%
remember
42.9%
remember
42.9%
told
42.5%
centuries
42.5%
centuries
42.5%
centuries
42.5%
as
41.4%
as
41.4%
gold
41.2%
turn
40.7%
dust
40.7%
wrong
40.7%
wrong
40.7%
history
40.6%
history
40.6%
legends
40.6%
kids
40.6%
let
40.6%
come
39.7%
come
39.7%
nothing
39.4%
off
39.4%
Hint
Answer
% Correct
mistake
39.2%
broke
38.9%
only
38.4%
dreams
38.2%
heavy
38.2%
metal
38.2%
dreams
38.2%
could
38.2%
teenage
37.8%
was
37.5%
here
37.5%
been
36.4%
stories
36.1%
meant
35.6%
look
35.4%
yourself
35.3%
gone
35.2%
bruises
35.1%
fingerprints
34.9%
about
34.4%
fix
34.1%
thighs
34%
soon
33.4%
'cause
33%
'cause
33%
forever
33%
forever
33%
pretty
32.6%
cherry
32.6%
blossom
32.3%
We've
32.2%
bloom
32%
mummified
31.5%
youth
29.9%
scream
29.8%
here's
29.4%
frozen
29.3%
opposite
29.2%
poisoned
29%
felt
28.9%
light
28.6%
stop
28.3%
name
28.2%
world
28.1%
long
27.9%
over
27.9%
inside
27.7%
amnesia
27.4%
darkness
27.2%
'til
26.7%
proof
26.7%
born
26.6%
match
26.2%
whole
26.2%
die
25.8%
knows
25.7%
shadow's
24.3%
until
23.1%
chorus
18.7%
chorus
18.7%
chorus
18.7%
supposed
18.6%
Quiz Playlist
Details
Report
Send in Message
Add To Playlist
Classic:
Type in answers that appear in a list
Last Updated: Feb 16, 2017
Quiz Scoreboard
CHALLENGE
Sign Up to Join the Scoreboard
Show All
Scores
Hide
Comments
May contain spoilers
Recently Published
Famous 'C' Women
by xyz_
Entertainment
6m
Holiday 10x10 Sorting Gallery
by lukepisani3
Holiday
15m
Two Season TV Shows II
by 123Four
Television
10m
More to Explore
Quiz From the Vault
Featured Blog Post
14 Easter Pick-up Lines to Find Eggs With
hide this ad
You Might Also Like...
Tags
Song Quiz
Boy
fall
Fall Out Boy
Today's Top Quizzes in Music
Browse Music
hide this ad
Today's Top Quizzes in Song
Browse Song
Top Contributed Quizzes in Music
1
5X2 Blitz: Bands II
2
Taylor Swift All Songs (2024)
3
5X2 Blitz: The Beatles
4
5X2 Blitz: Billboard
5
Music Artist by Three 2010s hits
6
5X2 Blitz: Billboard II
7
Singers Born in the 1930s
8
5X2 Blitz: Album
9
5X2 Blitz: Rock
10
5X2 Blitz: Singers
Explore More
Trending Topics
NBA
Crossword
Kpop
Disney
Marvel
Anime
Harry Potter
Pokémon
Country
The Office
Soccer
WWE
Puzzle
NFL
Song
hide this ad
More By:
SolEvans
Quiz
Plays
Rating
Category
Featured
Created
Can You Name The Lyrics To This Fall Out Boy Song?
1,112
3.71
Music
Oct 21, 2014
Killer Lyrics The Ready Set
102
1.00
Music
Nov 14, 2014
Finish the lyrics
58
3.00
Music
Nov 10, 2014
Who Sings It?
46
1.00
Music
Nov 4, 2014
Time Of Dying Lyrics
31
1.00
Music
Dec 1, 2014
Go to Creator's Profile
Score Distribution
Quiz Creator Spotlight
SolEvans
Follow
Send a Message
Quizzes Created
-
Created Quiz Play Count
-
More By This Creator
Popular Quizzes Today
1
Find the US States - No Outlines Minefield
2
Colored Red Africa Blitz
3
Find the 'City' Movie
4
The Countries of the World
5
Find the US States
6
5x2 Blitz: Bands
7
Find the Countries of Europe - No Outlines Minefield
8
US States
More Music Quizzes
Sizes in Songs
Editor's Pick
Trending Quizzes
Colored Red Europe Blitz I
Colored Red Europe Blitz II
Colored Red Africa Blitz II
Colored Red Africa Blitz III
Colored Red Europe Blitz III
Recently Updated
Odd Team Out - Big 4 Players
pecheneg
Quick Pick: 20 Twenties
pecheneg
March Madness Men's Triple Doubles
pecheneg
How Do You Spell That?
pecheneg
Godzilla Movies
pecheneg
Grab Bag: 4-10 Letters
pecheneg
2024 March Madness Bracket
pecheneg
Famous TV Couples
Peacemaker
Champions League XIs: Real Madrid
pecheneg
Largest US Cities 1790-2010
pecheneg
Trending Topics
Crossword
NBA
Kpop
Disney
Anime
Marvel
Harry Potter
WWE
NFL
Puzzle
The Office
Soccer
Pokémon
Country
Song
Your Account Isn't Verified!
In order to create a playlist on Sporcle, you need to verify the email address you used during registration. Go to your
Sporcle Settings
to finish the process.
Report this User
Report this user for behavior that violates our
Community Guidelines
.
Details:
Send Report
Go to the Sporcle.com Mobile Site →
Comments